000 00405nam a2200169Ia 4500
008 230711s9999||||xx |||||||||||||| ||und||
020 _a978-93-90113-59-0
041 _aENG
082 _a535
_bGH-O
100 _aGhatak,Ajoy
245 0 _aOptics
250 _a7th Ed.
260 _c2021
_aNew Delhi
_bMcGraw Hill Education(India) Private Limited
300 _a33.6p.
650 _aPhysics
942 _cBK
999 _c7009
_d7009